[Event "ch-CUB"]
[Site "Holguin City CUB"]
[Date "2002.03.31"]
[Round "1"]
[White "Vazquez,R"]
[Black "Bruzon,L"]
[Result "0-1"]
[WhiteElo "2442"]
[BlackElo "2569"]
[EventDate "2002.03.31"]

1. e4 c5 2. Nf3 d6 3. d4 cxd4 4. Nxd4 Nf6 5. Nc3 a6 6. h3 e6 7. g4 b5 8.
Bg2 Bb7 9. a3 Be7 10. g5 Nfd7 11. f4 O-O 12. O-O Re8 13. Be3 Bf8 14. h4 Nc6
15. Nde2 Rc8 16. h5 b4 17. axb4 Nxb4 18. Kh1 Qc7 19. Bg1 Nb6 20. b3 d5 21.
e5 d4 22. Qxd4 Bc5 23. Qd2 Red8 24. Qc1 Bxg2+ 25. Kxg2 Qb7+ 26. Kh2 Bxg1+
27. Rxg1 Qf3 28. Rg3 Qxh5+ 29. Rh3 Qg6 30. Qg1 N6d5 31. Nxd5 Rxd5 32. c3
Rd2 33. cxb4 Rxe2+ 34. Kg3 Rc3+ 35. Kh4 Rxh3+ 36. Kxh3 h5 37. gxh6 Qxh6+
38. Kg3 Qg6+ 39. Kh3 Qd3+ 40. Kh4 Re3 0-1

[Event "ch-CUB"]
[Site "Holguin City CUB"]
[Date "2002.03.31"]
[Round "1"]
[White "De la Paz,F"]
[Black "Herrera,I"]
[Result "1/2-1/2"]
[WhiteElo "2427"]
[BlackElo "2474"]
[EventDate "2002.03.31"]

1. e4 c5 2. Nf3 d6 3. d4 cxd4 4. Nxd4 Nf6 5. Nc3 a6 6. Bg5 e6 7. f4 Qb6 8.
Qd2 Qxb2 9. Nb3 Qa3 10. Bxf6 gxf6 11. Be2 Nc6 12. O-O h5 13. Kh1 h4 14. h3
Bd7 15. Nd1 Be7 16. Ne3 Qb4 17. c3 Qb6 18. Rad1 Qc7 19. Nc4 Rd8 20. Nxd6+
Bxd6 21. Qxd6 Qxd6 22. Rxd6 Bc8 23. Rd2 Ne7 24. Kg1 f5 25. Bf3 fxe4 26.
Bxe4 Rxd2 27. Nxd2 f5 28. Bf3 Ng6 29. Nc4 Ke7 30. Nb6 Nxf4 31. Nxc8+
1/2-1/2

[Event "ch-CUB"]
[Site "Holguin City CUB"]
[Date "2002.03.31"]
[Round "1"]
[White "Vera,R"]
[Black "Gongora,M"]
[Result "1-0"]
[WhiteElo "2534"]
[BlackElo "2408"]
[EventDate "2002.03.31"]

1. Nf3 Nf6 2. c4 e6 3. d4 d5 4. Nc3 Bb4 5. cxd5 exd5 6. Bg5 h6 7. Bh4 g5 8.
Bg3 Ne4 9. Nd2 Nxc3 10. bxc3 Bxc3 11. Rc1 Bb2 12. Bxc7 Qe7 13. Bd6 Qe6 14.
Rb1 Qxd6 15. Rxb2 Nc6 16. e3 Bf5 17. Be2 O-O 18. h4 Rfe8 19. hxg5 hxg5 20.
Nf3 f6 21. Bd3 Qd7 22. Qb1 Be4 23. Bxe4 dxe4 24. Rxb7 Qe6 25. Rh6 Qd5 26.
Rxf6 Ne7 27. Rb5 1-0

[Event "ch-CUB"]
[Site "Holguin City CUB"]
[Date "2002.03.31"]
[Round "1"]
[White "Perez,Rod"]
[Black "Delgado,N"]
[Result "1/2-1/2"]
[WhiteElo "2429"]
[BlackElo "2506"]
[EventDate "2002.03.31"]

1. e4 c5 2. Nf3 d6 3. d4 cxd4 4. Nxd4 Nf6 5. Nc3 a6 6. Be3 e5 7. Nb3 Be7 8.
f3 Be6 9. Qd2 O-O 10. O-O-O Nbd7 11. g4 Qc7 12. Kb1 b5 13. Qf2 Rfc8 14. g5
Nh5 15. h4 b4 16. Nd5 Bxd5 17. Rxd5 Rcb8 18. Ra5 Qc6 19. Ba7 Rf8 20. Rxa6
Qc8 21. Na5 Nb8 22. Bxb8 Rxa6 23. Bxa6 Qxa6 24. Qa7 Qb5 25. Qxe7 Rxb8 26.
Qxd6 Rc8 27. Nb3 Qe2 28. Rc1 Qxf3 29. Qxb4 Ng3 30. Qb7 Rf8 31. Nc5 Ne2 32.
Re1 Qg3 33. Qb4 Nd4 34. Nb3 Nf3 35. Rh1 Qg2 36. Rd1 Qe2 37. Rc1 Nxh4 38. a4
Nf3 39. a5 Nxg5 40. Nc5 h5 41. a6 Nf3 42. b3 h4 43. a7 Qe3 44. Nd7 Nd2+ 45.
Kb2 Rd8 46. Qb6 Qxb6 47. Nxb6 Nxe4 48. Ra1 Rf8 49. Rh1 g5 50. a8=Q Rxa8 51.
Nxa8 Nf2 52. Rf1 g4 53. Nb6 g3 54. Nc4 h3 55. Nxe5 h2 56. Nf3 h1=Q 57. Rxh1
Nxh1 58. b4 Kf8 59. Kc3 Ke7 60. Kd4 Nf2 61. Nh4 Kd7 62. Ke3 Nd1+ 63. Kf3
Nc3 64. Nf5 Kc6 1/2-1/2

[Event "ch-CUB"]
[Site "Holguin City CUB"]
[Date "2002.03.31"]
[Round "1"]
[White "Borges Mateos,J"]
[Black "Gomez,Fe"]
[Result "1-0"]
[WhiteElo "2438"]
[BlackElo "2406"]
[EventDate "2002.03.31"]

1. Nf3 Nf6 2. c4 d6 3. Nc3 e5 4. d4 Nbd7 5. Bg5 Be7 6. e3 O-O 7. Be2 c6 8.
O-O Re8 9. h3 a6 10. Qc2 Qc7 11. Rfd1 b6 12. Rd2 Bb7 13. Rad1 Rad8 14. Bh4
Qb8 15. Bg3 g6 16. c5 exd4 17. cxd6 Bxd6 18. Bxd6 Qxd6 19. Rxd4 Qe7 20. a4
c5 21. Rd6 Bxf3 22. gxf3 Ne5 23. Rxb6 Rxd1+ 24. Qxd1 Rd8 25. Qc2 Nfd7 26.
Rxa6 c4 27. Ne4 f5 28. Ng3 Nc5 29. Ra5 Qc7 30. Rb5 Ncd3 31. Qc3 Nf7 32. f4
Qc6 33. Bxd3 Rxd3 34. Rb8+ Nd8 35. Qc2 Kg7 36. b3 Qf3 37. bxc4 Rd1+ 38. Nf1
Ne6 39. Rb1 Rd7 40. Qb2+ Kh6 41. Qf6 Qe4 42. Rb6 Nxf4 43. exf4 Qxf4 44. Qc3
Qg5+ 45. Qg3 Qe7 46. Qe3+ Qxe3 47. Nxe3 Rd4 48. Nxf5+ 1-0

[Event "ch-CUB"]
[Site "Holguin City CUB"]
[Date "2002.03.31"]
[Round "1"]
[White "Arencibia,W"]
[Black "Alvarez,Jose"]
[Result "1-0"]
[WhiteElo "2542"]
[BlackElo "2403"]
[EventDate "2002.03.31"]

1. d4 Nf6 2. c4 e6 3. Nc3 d5 4. Bg5 Nbd7 5. cxd5 exd5 6. e3 Bb4 7. Bd3 c5
8. Nge2 c4 9. Bc2 h6 10. Bh4 Nb6 11. O-O Qe7 12. a4 a5 13. Bxf6 Qxf6 14.
Nf4 Bxc3 15. bxc3 O-O 16. Qf3 Rd8 17. Rfb1 Ra6 18. e4 g5 19. Nh5 Qxf3 20.
gxf3 Kf8 21. e5 Bd7 22. h4 Rb8 23. hxg5 hxg5 24. Nf6 Bc6 25. Nh7+ Ke7 26.
Nxg5 Rg8 27. f4 f6 28. exf6+ Kxf6 29. Kg2 Bd7 30. Kf3 Rh8 31. Nh7+ Kf7 32.
Rh1 Ke7 33. f5 Be8 34. f6+ Kd8 35. Ng5 Rxh1 36. Ne6+ Kc8 37. Rxh1 Nd7 38.
Bf5 Kb8 39. Rh8 Nxf6 40. Ng7 1-0

[Event "ch-CUB"]
[Site "Holguin City CUB"]
[Date "2002.03.31"]
[Round "1"]
[White "Dominguez,L"]
[Black "Quezada,Y"]
[Result "1-0"]
[WhiteElo "2594"]
[BlackElo "2411"]
[EventDate "2002.03.31"]

1. e4 c5 2. Nf3 d6 3. d4 cxd4 4. Nxd4 Nf6 5. Nc3 a6 6. Be3 e5 7. Nb3 Be6 8.
f4 Qc7 9. f5 Bc4 10. Qf3 Nbd7 11. O-O-O b5 12. Kb1 b4 13. Bxc4 Qxc4 14. Nd2
Qc7 15. Nd5 Nxd5 16. exd5 Be7 17. g4 Rc8 18. Rc1 h6 19. h4 a5 20. g5 hxg5
21. hxg5 Rxh1 22. Qxh1 a4 23. Qh8+ Bf8 24. Ne4 a3 25. b3 Nb6 26. f6 g6 27.
c4 bxc3 28. Rxc3 Qb8 29. Rxc8+ Nxc8 30. Qh3 Kd8 31. Bf2 Qb5 32. Nc3 Qb4 33.
Qd3 Nb6 34. Ne4 Na4 35. Qc4 Qxc4 36. bxc4 Nb2 37. Nd2 Nd1 38. Bb6+ Kc8 39.
Kc2 1-0

[Event "ch-CUB"]
[Site "Holguin City CUB"]
[Date "2002.03.31"]
[Round "1"]
[White "Nogueiras,J"]
[Black "Gonzalez,Y"]
[Result "1/2-1/2"]
[WhiteElo "2521"]
[BlackElo "2444"]
[EventDate "2002.03.31"]

1. c4 c5 2. g3 Nc6 3. Bg2 g6 4. e3 Bg7 5. Ne2 Nf6 6. d4 cxd4 7. Nxd4 Nxd4
8. exd4 d5 9. c5 O-O 10. Nc3 Be6 11. O-O b6 12. cxb6 Qxb6 13. Na4 Qd8 14.
Nc5 Bg4 15. f3 Bf5 16. Be3 Nd7 17. b4 Rb8 18. Qd2 Nb6 19. Qc3 Nc4 20. Bf2
a5 21. a3 Qb6 1/2-1/2

[Event "ch-CUB"]
[Site "Holguin City CUB"]
[Date "2002.03.31"]
[Round "1"]
[White "Almeida,O"]
[Black "Abreu,A"]
[Result "1-0"]
[WhiteElo "2473"]
[BlackElo "2480"]
[EventDate "2002.03.31"]

1. d4 d5 2. c4 c6 3. Nf3 Nf6 4. Nc3 e6 5. cxd5 exd5 6. Bg5 Be7 7. Qc2 g6 8.
e3 Bf5 9. Bd3 Bxd3 10. Qxd3 Nbd7 11. O-O O-O 12. Rab1 a5 13. a3 Re8 14. Qc2
Nb6 15. Bxf6 Bxf6 16. Rfe1 Bg7 17. h4 Nc4 18. h5 Nd6 19. hxg6 hxg6 20. Rbd1
Bf6 21. g3 Kg7 22. Kg2 Qd7 23. Rh1 Nf5 24. e4 dxe4 25. Nxe4 Qd5 26. Rh7+
1-0

[Event "ch-CUB"]
[Site "Holguin City CUB"]
[Date "2002.04.01"]
[Round "2"]
[White "Bruzon,L"]
[Black "Abreu,A"]
[Result "1-0"]
[WhiteElo "2569"]
[BlackElo "2480"]
[EventDate "2002.03.31"]

1. c4 Nf6 2. Nc3 c5 3. Nf3 b6 4. e4 d6 5. d4 cxd4 6. Nxd4 Bb7 7. Bd3 e6 8.
O-O Nbd7 9. Qe2 a6 10. f4 g6 11. f5 e5 12. Nc2 Be7 13. Bh6 Rg8 14. Kh1 g5
15. Ne3 Bf8 16. Bxf8 Kxf8 17. Rad1 Nc5 18. Bb1 g4 19. Ned5 Nh5 20. Qe3 Qh4
21. g3 Qg5 22. Qxg5 Rxg5 23. Nxb6 1-0

[Event "ch-CUB"]
[Site "Holguin City CUB"]
[Date "2002.04.01"]
[Round "2"]
[White "Gonzalez,Y"]
[Black "Almeida,O"]
[Result "1/2-1/2"]
[WhiteElo "2444"]
[BlackElo "2473"]
[EventDate "2002.03.31"]

1. c4 Nf6 2. Nf3 e6 3. g3 b6 4. Bg2 Bb7 5. O-O c5 6. Nc3 d6 7. d4 cxd4 8.
Qxd4 a6 9. e4 Nbd7 10. b3 Qc7 11. Bb2 Qc5 12. Rad1 Qxd4 13. Nxd4 h5 14.
Rfe1 Rb8 15. h3 1/2-1/2

[Event "ch-CUB"]
[Site "Holguin City CUB"]
[Date "2002.04.01"]
[Round "2"]
[White "Quezada,Y"]
[Black "Nogueiras,J"]
[Result "1/2-1/2"]
[WhiteElo "2411"]
[BlackElo "2521"]
[EventDate "2002.03.31"]

1. e4 e6 2. d3 d5 3. Nd2 Nf6 4. Ngf3 b6 5. g3 dxe4 6. dxe4 Bb7 7. Qe2 Nc6
8. c3 a5 9. Bg2 Ba6 10. Nc4 e5 11. O-O Bc5 12. a4 Qe7 13. Bh3 O-O 14. Nh4
g6 15. Bg5 Kg7 16. Rae1 h6 17. Bc1 Rad8 18. b3 Bxc4 19. Qxc4 Qd6 20. Be3
Bxe3 1/2-1/2

[Event "ch-CUB"]
[Site "Holguin City CUB"]
[Date "2002.04.01"]
[Round "2"]
[White "Alvarez,Jose"]
[Black "Dominguez,L"]
[Result "0-1"]
[WhiteElo "2403"]
[BlackElo "2594"]
[EventDate "2002.03.31"]

1. c4 Nf6 2. Nc3 c5 3. g3 d5 4. cxd5 Nxd5 5. Bg2 Nc7 6. Nf3 Nc6 7. d3 e5 8.
Nd2 Bd7 9. O-O Be7 10. Nc4 f6 11. f4 b5 12. Ne3 Rc8 13. a4 b4 14. Nb5 exf4
15. Nc4 fxg3 16. Nbd6+ Kf8 17. hxg3 Rb8 18. Be3 Ne6 19. Ne4 Be8 20. g4 h6
21. Bf2 h5 22. g5 h4 23. gxf6 gxf6 24. Kh1 Ned4 25. Bxd4 Nxd4 26. Bh3 Bd7
27. Bxd7 Qxd7 28. Rf2 Nf5 29. Ne5 Ng3+ 30. Kg2 Qe6 31. Ng6+ Kg7 32. Nxh8
Nxe4 33. dxe4 Qxe4+ 34. Rf3 Kxh8 35. Qd3 Rg8+ 36. Kh1 Qg4 37. Rf2 Rg6 38.
Qf3 Qg3 39. Rg2 Qxf3 40. exf3 Kg7 41. Rd1 Rxg2 42. Kxg2 Kf7 43. Rd7 a5 44.
Ra7 c4 45. Rxa5 c3 46. bxc3 bxc3 47. Ra7 Ke6 48. Rc7 Bb4 49. Rc4 Kd5 50.
Rc8 Bc5 51. Rd8+ Kc4 52. Rh8 c2 53. Rxh4+ Kb3 54. Rh1 Kxa4 0-1

[Event "ch-CUB"]
[Site "Holguin City CUB"]
[Date "2002.04.01"]
[Round "2"]
[White "Gomez,Fe"]
[Black "Arencibia,W"]
[Result "0-1"]
[WhiteElo "2406"]
[BlackElo "2542"]
[EventDate "2002.03.31"]

1. d4 Nf6 2. Nf3 g6 3. Bg5 Bg7 4. Nbd2 O-O 5. e4 d6 6. Be2 h6 7. Bh4 c5 8.
dxc5 dxc5 9. O-O Nc6 10. c3 Nh5 11. Re1 Qc7 12. Qc2 Bg4 13. a4 Rad8 14. Bb5
Ne5 15. Nxe5 Bxe5 16. Bg3 Nxg3 17. hxg3 Bg7 18. Nf1 c4 19. Ne3 Be6 20. Qe2
Rc8 21. a5 Qc5 22. Ba4 Rfd8 23. f4 Rc7 24. Red1 Rxd1+ 25. Bxd1 Bd7 26. Qf2
e6 27. e5 Bb5 28. Be2 Bf8 29. Nc2 Rd7 30. Rd1 Rxd1+ 31. Bxd1 Qc7 32. Nd4
Bc5 33. Bf3 Ba6 34. Qd2 Qxa5 35. Kh2 Qd8 36. Qe3 Qd7 37. Qe4 h5 38. g4 hxg4
39. Bxg4 Bxd4 40. cxd4 Bb5 41. Be2 Bc6 42. Qe3 b5 43. Kg3 Qb7 44. f5 exf5
45. e6 Qe7 46. Bf3 Bxf3 47. Qxf3 fxe6 48. Qa8+ Kg7 49. Kf3 Qd7 50. Ke3 g5
51. Qb8 0-1

[Event "ch-CUB"]
[Site "Holguin City CUB"]
[Date "2002.04.01"]
[Round "2"]
[White "Gongora,M"]
[Black "Perez,Rod"]
[Result "0-1"]
[WhiteElo "2408"]
[BlackElo "2429"]
[EventDate "2002.03.31"]

1. e4 d5 2. exd5 Qxd5 3. Nc3 Qd6 4. d4 Nf6 5. Nf3 a6 6. Bc4 b5 7. Bb3 Bb7
8. Ne5 e6 9. Bf4 Qb6 10. d5 c5 11. Qd2 c4 12. Na4 Qd8 13. Bxc4 exd5 14. Bb3
bxa4 15. Bxa4+ Nfd7 16. Bg5 Be7 17. Qe2 Kf8 18. Nxd7+ Nxd7 19. Bd2 Nc5 20.
Bb3 a5 21. a3 Nxb3 22. cxb3 Ba6 23. Qf3 Rc8 24. Bc3 Bg5 25. h4 d4 26. Bd2
Bxh4 27. Kd1 Bf6 28. Rh5 g5 29. Bxa5 0-1

[Event "ch-CUB"]
[Site "Holguin City CUB"]
[Date "2002.04.01"]
[Round "2"]
[White "Herrera,I"]
[Black "Vera,R"]
[Result "1/2-1/2"]
[WhiteElo "2474"]
[BlackElo "2534"]
[EventDate "2002.03.31"]

1. e4 c5 2. Nf3 d6 3. d4 cxd4 4. Nxd4 Nf6 5. Nc3 Nc6 6. Bg5 e6 7. Qd2 a6 8.
O-O-O h6 9. Be3 Qc7 10. f3 Rb8 11. Kb1 Bd7 12. Bd3 b5 13. Nxc6 Bxc6 1/2-1/2

[Event "ch-CUB"]
[Site "Holguin City CUB"]
[Date "2002.04.01"]
[Round "2"]
[White "Vazquez,R"]
[Black "De la Paz,F"]
[Result "1/2-1/2"]
[WhiteElo "2442"]
[BlackElo "2427"]
[EventDate "2002.03.31"]

1. e4 e5 2. Nf3 Nc6 3. Bb5 a6 4. Ba4 Nf6 5. O-O Be7 6. Re1 b5 7. Bb3 O-O 8.
d3 Bb7 9. Nbd2 d6 10. c3 Na5 11. Bc2 c5 12. Nf1 Nc6 13. Ng3 Re8 14. d4 cxd4
15. cxd4 Nxd4 16. Nxd4 exd4 17. Qxd4 d5 18. e5 Ne4 19. Nxe4 dxe4 20. Be3
Qxd4 21. Bxd4 Bb4 22. Red1 Bd5 23. Bb3 1/2-1/2

[Event "ch-CUB"]
[Site "Holguin City CUB"]
[Date "2002.04.02"]
[Round "3"]
[White "De la Paz,F"]
[Black "Bruzon,L"]
[Result "0-1"]
[WhiteElo "2427"]
[BlackElo "2569"]
[EventDate "2002.03.31"]

1. e4 e5 2. Nf3 Nc6 3. d4 exd4 4. Nxd4 Bb4+ 5. c3 Be7 6. Bc4 Nf6 7. Nf5 O-O
8. O-O Bc5 9. Bg5 Ne5 10. Bb3 h6 11. Be3 d6 12. Bxc5 Bxf5 13. exf5 dxc5 14.
Nd2 b5 15. a4 c6 16. Bc2 Nd3 17. Qf3 Nxb2 18. Ne4 Nc4 19. Rfe1 Re8 20. Rad1
Qe7 21. h3 Rad8 22. Ra1 Nxe4 23. Qxe4 Qxe4 24. Bxe4 b4 25. Bxc6 Rxe1+ 26.
Rxe1 b3 27. Rb1 Na5 28. Bb5 Rd2 29. c4 b2 0-1

[Event "ch-CUB"]
[Site "Holguin City CUB"]
[Date "2002.04.02"]
[Round "3"]
[White "Vera,R"]
[Black "Vazquez,R"]
[Result "1/2-1/2"]
[WhiteElo "2534"]
[BlackElo "2442"]
[EventDate "2002.03.31"]

1. d4 Nf6 2. c4 g6 3. Nc3 Bg7 4. e4 d6 5. Be2 O-O 6. Nf3 e5 7. O-O exd4 8.
Nxd4 Re8 9. f3 Nc6 10. Be3 Nh5 11. Qd2 Nxd4 12. Bxd4 Bxd4+ 13. Qxd4 Nf4 14.
Rf2 a5 15. Nd5 Nxd5 16. cxd5 c5 17. dxc6 bxc6 18. Bc4 Be6 19. Rd1 Rb8 20.
Bxe6 Rxe6 21. Rfd2 Qb6 22. b3 c5 23. Qe3 Ra8 24. h4 h5 25. Kh2 a4 26. b4
Qd8 27. bxc5 Qxh4+ 28. Kg1 dxc5 29. Qxc5 Qf6 30. Qd5 1/2-1/2

[Event "ch-CUB"]
[Site "Holguin City CUB"]
[Date "2002.04.02"]
[Round "3"]
[White "Perez,Rod"]
[Black "Herrera,I"]
[Result "1/2-1/2"]
[WhiteElo "2429"]
[BlackElo "2474"]
[EventDate "2002.03.31"]

1. e4 c5 2. Nf3 e6 3. Nc3 a6 4. d4 cxd4 5. Nxd4 Qc7 6. Be2 Nf6 7. O-O Nc6
8. a3 Be7 9. Be3 O-O 10. f4 d6 11. Qe1 Nxd4 12. Bxd4 b5 13. Qg3 Bb7 14. Kh1
Bc6 15. Rae1 Qb7 16. Bd3 b4 17. Nd1 bxa3 18. bxa3 Rad8 19. Nf2 Nh5 20. Qg4
g6 21. Rb1 Qd7 22. f5 e5 23. Bb6 Rb8 24. Bxa6 Nf6 25. Qe2 gxf5 26. exf5 Kh8
27. Bd3 Qb7 28. Nd1 Rg8 29. Ne3 Nd5 30. Nxd5 Bxd5 31. Rg1 Bd8 32. c4 Bxg2+
33. Rxg2 Rxg2 34. Qxg2 Qxg2+ 35. Kxg2 Rxb6 36. Rxb6 Bxb6 37. Kf3 Kg7 38.
Ke4 Bc5 39. a4 Kh6 40. a5 Kg5 41. a6 h5 42. Be2 h4 43. h3 Kf6 1/2-1/2

[Event "ch-CUB"]
[Site "Holguin City CUB"]
[Date "2002.04.02"]
[Round "3"]
[White "Borges Mateos,J"]
[Black "Gongora,M"]
[Result "1/2-1/2"]
[WhiteElo "2438"]
[BlackElo "2408"]
[EventDate "2002.03.31"]

1. Nf3 Nf6 2. c4 e6 3. g3 d5 4. Bg2 dxc4 5. Qa4+ c6 6. Qxc4 b5 7. Qc2 Bb7
8. d4 Nbd7 9. Nc3 a6 10. a4 b4 11. Ne4 Nxe4 12. Qxe4 Nf6 13. Qc2 c5 14.
dxc5 Rc8 15. Be3 Ng4 16. Rd1 Qa5 17. Qd2 Bd5 18. Bd4 Bxc5 19. O-O Bxd4 20.
Nxd4 Bxg2 21. Nxe6 Bc6 22. Qd6 f6 23. Rc1 Ne5 24. Nd4 Bd7 25. Rxc8+ Bxc8
26. f4 Nf7 27. Qc6+ Bd7 28. Qe4+ Kf8 29. Rc1 g6 30. Qb7 Ke8 31. Qe4+ Kf8
1/2-1/2

[Event "ch-CUB"]
[Site "Holguin City CUB"]
[Date "2002.04.02"]
[Round "3"]
[White "Dominguez,L"]
[Black "Gomez,Fe"]
[Result "1-0"]
[WhiteElo "2594"]
[BlackElo "2406"]
[EventDate "2002.03.31"]

1. e4 e5 2. Nf3 Nc6 3. Bb5 f5 4. d3 fxe4 5. dxe4 Nf6 6. O-O Bc5 7. Qd3 d6
8. Qc4 Qe7 9. Nc3 a6 10. Bxc6+ bxc6 11. Be3 Nd7 12. Na4 a5 13. Nxc5 Nxc5
14. Qc3 Ba6 15. Rfe1 Ne6 16. Qxc6+ Kf7 17. Rad1 Rhd8 18. c4 Kg8 19. c5 Nf4
20. Bxf4 exf4 21. e5 dxe5 22. Rxd8+ Qxd8 23. Nxe5 h6 24. Qe6+ Kh7 25. Qf5+
Kg8 26. Qf7+ Kh7 27. Qxf4 Qd5 28. h4 Rd8 29. Re3 Kg8 30. Ng4 Bb7 31. Rg3
Kh7 32. Qxc7 Rd7 33. Qxa5 Qh5 34. Ne3 Qxh4 35. c6 Bxc6 36. Qf5+ 1-0

[Event "ch-CUB"]
[Site "Holguin City CUB"]
[Date "2002.04.02"]
[Round "3"]
[White "Nogueiras,J"]
[Black "Alvarez,Jose"]
[Result "1-0"]
[WhiteElo "2521"]
[BlackElo "2403"]
[EventDate "2002.03.31"]

1. c4 c5 2. Nf3 g6 3. d4 cxd4 4. Nxd4 Nc6 5. Nc2 Bg7 6. e4 d6 7. Be2 Nf6 8.
Nc3 Nd7 9. Bd2 O-O 10. O-O Nc5 11. b4 Ne6 12. Rc1 Ned4 13. Nxd4 Nxd4 14.
Be3 Nxe2+ 15. Qxe2 f5 16. exf5 Rxf5 17. Rfd1 Bxc3 18. Rxc3 a5 19. b5 b6 20.
h4 Qc7 21. Bh6 Re5 22. Re3 Be6 23. Qb2 Bxc4 24. f4 1-0

[Event "ch-CUB"]
[Site "Holguin City CUB"]
[Date "2002.04.02"]
[Round "3"]
[White "Almeida,O"]
[Black "Quezada,Y"]
[Result "1/2-1/2"]
[WhiteElo "2473"]
[BlackElo "2411"]
[EventDate "2002.03.31"]

1. d4 Nf6 2. Nf3 e6 3. c4 b6 4. g3 Bb4+ 5. Bd2 Bxd2+ 6. Qxd2 Bb7 7. Bg2 O-O
8. Nc3 Ne4 9. Qc2 Nxc3 10. Qxc3 d6 11. O-O Nd7 12. Rfd1 Nf6 13. b4 a5 14.
b5 Qe7 15. Rac1 Rfe8 16. Qe3 Rab8 17. a4 e5 18. c5 Bxf3 19. Bxf3 e4 20. Bg2
Nd5 21. Qb3 Nb4 22. cxb6 cxb6 23. Rc3 Rbc8 24. Rdc1 Rxc3 25. Rxc3 d5 26. e3
Qd7 27. Qd1 Rc8 28. Qc1 Rxc3 29. Qxc3 g6 30. Bf1 Kf8 31. Be2 Ke7 32. f3
exf3 33. Bxf3 Qf5 34. Qc7+ Kf8 35. Kf2 Qe6 36. Ke2 Kg8 37. g4 Kg7 38. g5 h5
39. Kd2 Kg8 40. Be2 1/2-1/2

[Event "ch-CUB"]
[Site "Holguin City CUB"]
[Date "2002.04.02"]
[Round "3"]
[White "Abreu,A"]
[Black "Gonzalez,Y"]
[Result "0-1"]
[WhiteElo "2480"]
[BlackElo "2444"]
[EventDate "2002.03.31"]

1. e4 c6 2. d4 d5 3. e5 Bf5 4. Nf3 e6 5. Be2 c5 6. O-O Nc6 7. c3 Bg4 8.
Nbd2 cxd4 9. cxd4 Qb6 10. h3 Bh5 11. Nb3 Nge7 12. g4 Bg6 13. a3 h5 14. Ng5
hxg4 15. hxg4 Rc8 16. Bd3 Nd8 17. Nc5 Rh4 18. f3 Bxd3 19. Qxd3 Nec6 20. b4
Nxd4 21. Be3 Bxc5 22. Kf2 Nf5 0-1

[Event "ch-CUB"]
[Site "Holguin City CUB"]
[Date "2002.04.03"]
[Round "4"]
[White "Bruzon,L"]
[Black "Gonzalez,Y"]
[Result "1/2-1/2"]
[WhiteElo "2569"]
[BlackElo "2444"]
[EventDate "2002.03.31"]

1. e4 c6 2. d4 d5 3. e5 Bf5 4. Nc3 e6 5. g4 Bg6 6. Nge2 Ne7 7. f4 Na6 8.
Ng3 Nb4 9. f5 exf5 10. a3 f4 11. axb4 fxg3 12. hxg3 a6 13. Bg5 b5 14. Ne2
Qd7 15. Nf4 Be4 16. Bg2 Bxg2 17. Nxg2 Ng6 18. Bd2 Be7 19. Qe2 Nf8 20. Nh4
Bxh4 21. Rxh4 h6 22. O-O-O O-O-O 23. Rh5 Ne6 24. Qf2 Qa7 25. Be3 Rhf8 26.
Rf5 Rd7 27. Qd2 Qc7 28. b3 1/2-1/2

[Event "ch-CUB"]
[Site "Holguin City CUB"]
[Date "2002.04.03"]
[Round "4"]
[White "Quezada,Y"]
[Black "Abreu,A"]
[Result "1-0"]
[WhiteElo "2411"]
[BlackElo "2480"]
[EventDate "2002.03.31"]

1. e4 c5 2. Nf3 d6 3. d3 Nc6 4. g3 g6 5. Bg2 Bg7 6. O-O Nf6 7. Nc3 O-O 8.
h3 Rb8 9. a4 a6 10. Be3 Nd7 11. d4 cxd4 12. Nxd4 Nde5 13. b3 Qa5 14. Nd5
Qd8 15. f4 Nd7 16. Qd2 e6 17. Nc3 Qa5 18. Nde2 Re8 19. Rad1 Ra8 20. Kh2 Bf8
21. g4 b5 22. axb5 axb5 23. Ra1 Qxa1 24. Rxa1 Rxa1 25. Nxb5 Ndb8 26. Nxd6
Bxd6 27. Qxd6 Rd8 28. Qc5 Ba6 29. Nd4 Rc8 30. Nb5 Ra5 31. c4 Bxb5 32. cxb5
Na7 33. Qb6 Ra2 34. Qb7 Rcc2 35. Qxb8+ Nc8 36. Bf2 Rxf2 37. Qxc8+ Kg7 38.
Qc3+ Kf8 39. Qg3 Ke7 40. b6 Kd7 41. e5 Rxg2+ 42. Qxg2 Rxg2+ 43. Kxg2 Kc6
44. Kf3 Kxb6 45. Ke3 Kc5 46. g5 Kb4 47. Kd4 Kxb3 48. Kc5 1-0

[Event "ch-CUB"]
[Site "Holguin City CUB"]
[Date "2002.04.03"]
[Round "4"]
[White "Alvarez,Jose"]
[Black "Almeida,O"]
[Result "1/2-1/2"]
[WhiteElo "2403"]
[BlackElo "2473"]
[EventDate "2002.03.31"]

1. e4 Nf6 2. Nc3 d5 3. e5 Ne4 4. Nce2 f6 5. d3 Ng5 6. Bxg5 fxg5 7. h4 g4 8.
d4 c5 9. Nf4 Nc6 10. dxc5 d4 11. Qd2 1/2-1/2

[Event "ch-CUB"]
[Site "Holguin City CUB"]
[Date "2002.04.03"]
[Round "4"]
[White "Gomez,Fe"]
[Black "Nogueiras,J"]
[Result "1/2-1/2"]
[WhiteElo "2406"]
[BlackElo "2521"]
[EventDate "2002.03.31"]

1. d4 Nf6 2. Nf3 e6 3. e3 b6 4. Bd3 Bb7 5. Nbd2 d5 6. O-O Be7 7. Ne5 O-O 8.
f4 c5 9. Qf3 Qc8 10. c3 Ba6 11. Bxa6 Nxa6 12. g4 Nd7 13. Qg2 f6 14. Nd3 Nc7
15. Nf3 Qa6 16. Qc2 Bd6 17. Bd2 Rae8 18. Be1 c4 1/2-1/2

[Event "ch-CUB"]
[Site "Holguin City CUB"]
[Date "2002.04.03"]
[Round "4"]
[White "Gongora,M"]
[Black "Arencibia,W"]
[Result "0-1"]
[WhiteElo "2408"]
[BlackElo "2542"]
[EventDate "2002.03.31"]

1. e4 e6 2. d4 d5 3. Nc3 Bb4 4. e5 c5 5. a3 Bxc3+ 6. bxc3 Qc7 7. Qg4 f5 8.
Qg3 Ne7 9. Qxg7 Rg8 10. Qxh7 cxd4 11. Kd1 Bd7 12. Qh5+ Kd8 13. h4 Qxc3 14.
Ra2 Nbc6 15. Rh3 Qc5 16. Nf3 d3 17. Bxd3 Qxf2 18. Ne1 Qd4 19. Bb2 Qa4 20.
Bc3 Rg4 21. Qh8+ Be8 22. Qh6 Rg6 23. Qd2 d4 24. Be2 Nd5 25. Ba1 Kc7 26. h5
Rg8 27. Kc1 Rd8 28. h6 Nc3 29. Bxc3 dxc3 30. Qxc3 Qf4+ 31. Kb2 Qxe5 32.
Qxe5+ Nxe5 33. Re3 Nd7 34. Bc4 Nf8 35. Ra1 Rg6 36. Rh3 Nh7 37. Nd3 Bd7 38.
Re1 Re8 39. Re2 Rf6 40. Rh4 Rh8 41. g3 Ng5 42. Rh5 Ne4 43. Reh2 Be8 44.
R5h4 Nxg3 45. Rg2 Nh5 46. Rgh2 Rfxh6 47. Nf4 Kd6 48. Rd2+ Ke7 49. Rdh2 Bf7
50. Bb3 R6h7 51. Bxe6 Nxf4 52. Rxh7 Rxh7 53. Rxh7 Nxe6 54. Kc3 f4 55. Kd2
Ng5 56. Rh8 Bc4 57. Kc3 f3 58. Kxc4 f2 59. Rh1 Nf3 0-1

[Event "ch-CUB"]
[Site "Holguin City CUB"]
[Date "2002.04.03"]
[Round "4"]
[White "Vazquez,R"]
[Black "Perez,Rod"]
[Result "1/2-1/2"]
[WhiteElo "2442"]
[BlackElo "2429"]
[EventDate "2002.03.31"]

1. e4 e5 2. Nf3 Nf6 3. Nxe5 d6 4. Nf3 Nxe4 5. d4 Be7 6. Bd3 Nf6 7. O-O O-O
8. Re1 Bg4 9. Nbd2 Nc6 10. c3 Bh5 11. Nf1 d5 12. Ng3 Bg6 13. Nf5 Bxf5 14.
Bxf5 Re8 15. Ne5 Bd6 16. Bf4 Ne7 17. Bd3 Ng6 18. Bg3 Re7 19. Qb3 c6 20. Re2
Qc7 21. Rae1 1/2-1/2

[Event "ch-CUB"]
[Site "Holguin City CUB"]
[Date "2002.04.03"]
[Round "4"]
[White "De la Paz,F"]
[Black "Vera,R"]
[Result "0-1"]
[WhiteElo "2427"]
[BlackElo "2534"]
[EventDate "2002.03.31"]

1. e4 c5 2. Nf3 d6 3. d4 cxd4 4. Nxd4 Nf6 5. Nc3 a6 6. Bg5 e6 7. f4 Qc7 8.
Bxf6 gxf6 9. Qd2 b5 10. O-O-O Bb7 11. Bxb5+ axb5 12. Ndxb5 Qc6 13. Nxd6+
Bxd6 14. Qxd6 Qxd6 15. Rxd6 Ra6 16. Rd2 Ke7 17. Rhd1 Rc8 18. Rd3 Rac6 19.
R1d2 Rc4 20. Rd4 e5 21. R4d3 Bxe4 22. Re3 Rxc3 23. bxc3 Rc4 24. Rde2 f5 25.
fxe5 Nd7 26. Rh3 Nxe5 27. Rxh7 Rxc3 28. Rh8 Ng6 29. Rg8 Nf4 30. Rxe4+ fxe4
31. Rg4 Nd3+ 32. Kd2 Rc4 33. Ke3 Nc5 34. h4 Rxc2 35. h5 Rxa2 36. h6 Ra8 37.
Rg5 Ne6 38. Rh5 Kf6 39. Kxe4 Kg6 40. Rh1 Ng5+ 0-1

[Event "ch-CUB"]
[Site "Holguin City CUB"]
[Date "2002.04.05"]
[Round "5"]
[White "Vera,R"]
[Black "Bruzon,L"]
[Result "1/2-1/2"]
[WhiteElo "2534"]
[BlackElo "2569"]
[EventDate "2002.03.31"]

1. d4 d5 2. c4 e6 3. Nc3 Nf6 4. Bg5 Be7 5. Nf3 O-O 6. Qc2 Na6 7. a3 c5 8.
e3 cxd4 9. exd4 dxc4 10. Bxc4 Nc7 11. Bd3 h6 12. Bxf6 Bxf6 13. O-O b6 14.
Bh7+ Kh8 15. Be4 Rb8 16. Rfe1 Bb7 1/2-1/2

[Event "ch-CUB"]
[Site "Holguin City CUB"]
[Date "2002.04.05"]
[Round "5"]
[White "Perez,Rod"]
[Black "De la Paz,F"]
[Result "1/2-1/2"]
[WhiteElo "2429"]
[BlackElo "2427"]
[EventDate "2002.03.31"]

1. e4 e5 2. Nf3 Nc6 3. Bc4 Bc5 4. c3 Nf6 5. d3 Bb6 6. Nbd2 d6 7. Bb3 O-O 8.
Nc4 Ne7 9. O-O Ng6 10. Re1 Be6 11. Nxb6 axb6 12. d4 1/2-1/2